| 000 | 00525nam a2200205 i 4500 | ||
|---|---|---|---|
| 001 | bg | ||
| 100 | 1 | _aGUTOWSKI, Roman | |
| 245 | 0 | _aStateczność i wrażliwość w układach mechanicznych. | |
| 260 |
_aWrocław : _bZakład Narodowy im. Ossolińskich, _c1978. |
||
| 300 | _a182 s. | ||
| 650 | 9 | _aMechanika | |
| 650 | 9 | _aStateczność | |
| 700 | 1 | _aRADZISZEWSKI, Bogusław | |
| 700 | 1 | _aOLAS, Andrzej | |
| 040 | _cBPK | ||
| 041 | _apol | ||
| 080 | _a531 | ||
| 942 | _cKS | ||
| 008 | s pl f |000 0 pol | ||
| 999 |
_c9835 _d9835 |
||
| 856 |
_uhttp://koha.tu.koszalin.pl/cgi-bin/koha/opac-detail.pl?biblionumber=9835 _yKatalog online BPK |
||